Loading...
| Science - Chemistry | 0 | 4 | 0 | 1 | 40 | 39 | 62.25 | 2 | 3 | 16.69 | 30.27 |
| Science - Other | 0 | 4 | 1 | 1 | 35 | 95 | 111.00 | 0 | 0 | 3.53 | 17.36 |
| Science - Physics | 0 | 3 | 1 | 0 | 25 | 77 | 100.00 | 0 | 1 | 5.46 | 17.09 |
| History - World | 0 | 2 | 0 | 1 | 20 | 96 | 117.00 | 0 | 0 | 2.32 | 5.55 |
| History - Other | 0 | 2 | 0 | 1 | 20 | 119 | 122.50 | 0 | 0 | 0.78 | 4.00 |
| Fine Arts - Painting and Sculpture | 0 | 2 | 0 | 1 | 20 | 98 | 107.00 | 0 | 0 | 2.03 | 4.64 |
| Fine Arts - Other | 0 | 2 | 0 | 0 | 20 | 96 | 117.00 | 0 | 0 | 2.50 | 4.55 |
| Mythology | 0 | 2 | 0 | 0 | 20 | 65 | 95.00 | 0 | 0 | 4.67 | 7.91 |
| History - European | 0 | 2 | 1 | 0 | 15 | 104 | 115.00 | 0 | 0 | 0.88 | 3.64 |
| Literature - World | 0 | 1 | 0 | 0 | 10 | 144 | 144.00 | 0 | 0 | 0.00 | 1.82 |
| Literature - British | 0 | 1 | 1 | 0 | 5 | 137 | 137.00 | 0 | 0 | 0.00 | 1.82 |
| Literature - European | 0 | 0 | 0 | 0 | 0 | 0.00 | 0 | 0 | 0.00 | 0.00 | |
| Fine Arts - Classical Music | 0 | 0 | 0 | 0 | 0 | 0.00 | 0 | 0 | 0.00 | 0.00 | |
| Science - Biology | 0 | 1 | 2 | 0 | 0 | 100 | 100.00 | 0 | 0 | 0.00 | 3.64 |
| Philosophy | 0 | 0 | 1 | 0 | -5 | 0.00 | 0 | 0 | 0.00 | 0.00 |